000 00714nam a22002177a 4500
003 OSt
005 20251211074059.0
008 251211b |||||||| |||| 00| 0 eng d
020 _a978-007-128924-5.
040 _aDWCL-Main lib
_cOC
082 _aCirc. 628.1 D263w 2011
100 _aDavis, Mackenize L.
245 _aWater and wastewater engineering :
_bdesign principle and practice/
_cDavis, Mackenize L.
260 _aN.Y. :
_bMcGraw-Hill.
_cc2011
300 _axx (various paging) :
_bill. ;
_c24 cm.
504 _aIncludes bibliographical references & index.
650 _a1. Sewage disposal
650 _a2. Sewage-Purification
650 _a3. Water supply enginnering
942 _2ddc
_cBK-CIRC
_kCirc.
_n0
999 _c7046
_d7046